| 000 | 00767nam a2200253Ia 4500 | ||
|---|---|---|---|
| 003 | GCL | ||
| 008 | 140319s9999 xx 000 0 ara d | ||
| 040 |
_aGCL / _cGCL |
||
| 082 | 0 | 4 |
_a944.04 _bل ث |
| 100 | 1 | _aلويس عوض | |
| 245 | 1 | 0 |
_aالثورة الفرنسية / _cلويس عوض |
| 260 |
_a[S.N] : _bالهيئة المصرية العامة للكتاب ، _c1992 |
||
| 300 | _a248 ص | ||
| 490 | _a | ||
| 650 | 0 | 4 | _aالمقالات العربية |
| 650 | 0 | 4 | _aالحضارة |
| 650 | 0 | 4 | _aالثورة الاسلامية |
| 650 | 0 | 4 | _aالتنوير |
| 650 | 0 | 4 | _aلويس السادس عشر |
| 650 | 0 | 4 | _aالثورة الفرنسية |
| 650 | 0 | 4 | _aسقوط الباستيل |
| 650 | 0 | 4 | _aمارى انطوانيت |
| 942 |
_2ddc _cBK |
||
| 999 |
_c29782 _d29782 |
||